wszystkie kluby z agromeracji śląskie grające w ekstraklasie - Statystyki

Ogólne statystyki
  • Ten quiz został rozwiązany 52 razy
  • Średni wynik to 10 z 18
Statystyki odpowiedzi
miejścowość klub % Poprawnych
katowice gks katowice
98%
zabrze górnik zabrze
98%
chorzów ruch chorzów
98%
bytom polonia bytom
92%
gliwice piast gliwice
88%
tychy gks tychy
83%
Radzionków Ruch Radzionków
71%
wodzisław śląski odra wodzisław śląski
69%
jastrzębie-zdrój GKS Jastrzębie-Zdrój
63%
bytom szombierki bytom
60%
racibórz unia racibórz
46%
radlin górnik radlin
35%
świętochłowice śląsk świętochłowice
29%
jaworzno szczakowianka jaworzno
25%
katowice dąb katowice
15%
rybnik rymer rybnik
10%
katowice 1. FC Kattowitz
4%
sosnowiec zagłębie sosnowice
4%
Nie znaleziono quizów pasujących do podanych kryteriów
Rozkład punktacji
Procent ludzi z każdym wynikiem
Percentyl według liczby udzielonych odpowiedzi
Twoja historia wyników
Nie rozwiązałeś tego quizu